| 000 | 00344 a2200145 4500 | ||
|---|---|---|---|
| 003 | Nust | ||
| 005 | 20170207154218.0 | ||
| 040 | _cNust | ||
| 082 | _a050 | ||
| 100 | _aSenior Student Editor Cadet Amir Abbas | ||
| 245 | _aGarrisonisn 2010 | ||
| 260 |
_aKohat _bCadet College Kohat _c2010 |
||
| 300 | _aVarious Pages | ||
| 538 | _aAlmirah No.137 Shelf No.1 | ||
| 942 | _cMAGS | ||
| 999 |
_c195155 _d195155 |
||